Statistics for Every Swizz Beatz Song on the Billboard Hot 100

Click here to take the quiz!

General Stats

  • This quiz has been taken 6 times
    (5 since last reset)
  • The average score is 5 of 9

Answer Stats

#YearSong% Correct
372010On To The Next One (Jay-Z)
100%
252010Fancy (Drake) ft. T.I.
75%
332007My Drink N' My 2 Step (Cassidy)
75%
622008Swing Ya Rag (T.I.)
75%
512012Ima Boss (Meek Mill) ft. T.I., Birdman, Lil Wayne, DJ Khaled & Rick Ross
50%
832007It's Me Snitches
50%
842007Money In The Bank
50%
202009I Can Transform Ya (Chris Brown) ft. Lil Wayne
25%
732018Millidelphia (Meek Mill)
25%

Score Distribution

Percentile by Number Answered

Percent of People with Each Score

Your Score History

You have not taken this quiz since the last reset